<?xml version="1.0" encoding="UTF-8"?>
<collection xmlns="http://www.loc.gov/MARC21/slim">
<record>
  <controlfield tag="001">59386</controlfield>
  <controlfield tag="005">20240930103355.0</controlfield>
  <datafield tag="024" ind1="7" ind2=" ">
    <subfield code="a">urn:nbn:de:hbz:82-opus-8078</subfield>
    <subfield code="2">URN</subfield>
  </datafield>
  <datafield tag="024" ind1="7" ind2=" ">
    <subfield code="a">HT013987167</subfield>
    <subfield code="2">HBZ</subfield>
  </datafield>
  <datafield tag="024" ind1="7" ind2=" ">
    <subfield code="a">807</subfield>
    <subfield code="2">OPUS</subfield>
  </datafield>
  <datafield tag="024" ind1="7" ind2=" ">
    <subfield code="a">25736</subfield>
    <subfield code="2">Laufende Nummer</subfield>
  </datafield>
  <datafield tag="024" ind1="7" ind2=" ">
    <subfield code="a">10.18154/RWTH-CONV-121175</subfield>
    <subfield code="2">datacite_doi</subfield>
  </datafield>
  <datafield tag="591" ind1=" " ind2=" ">
    <subfield code="a">Germany</subfield>
  </datafield>
  <datafield tag="980" ind1=" " ind2=" ">
    <subfield code="a">phd</subfield>
  </datafield>
  <datafield tag="980" ind1=" " ind2=" ">
    <subfield code="a">I:(DE-82)700000_20140620</subfield>
  </datafield>
  <datafield tag="980" ind1=" " ind2=" ">
    <subfield code="a">VDB</subfield>
  </datafield>
  <datafield tag="980" ind1=" " ind2=" ">
    <subfield code="a">UNRESTRICTED</subfield>
  </datafield>
  <datafield tag="980" ind1=" " ind2=" ">
    <subfield code="a">ConvertedRecord</subfield>
  </datafield>
  <datafield tag="980" ind1=" " ind2=" ">
    <subfield code="a">FullTexts</subfield>
  </datafield>
  <datafield tag="980" ind1="1" ind2=" ">
    <subfield code="a">FullTexts</subfield>
  </datafield>
  <datafield tag="336" ind1="7" ind2=" ">
    <subfield code="0">PUB:(DE-HGF)11</subfield>
    <subfield code="2">PUB:(DE-HGF)</subfield>
    <subfield code="a">Dissertation / PhD Thesis</subfield>
    <subfield code="b">phd</subfield>
    <subfield code="m">phd</subfield>
  </datafield>
  <datafield tag="336" ind1="7" ind2=" ">
    <subfield code="0">2</subfield>
    <subfield code="2">EndNote</subfield>
    <subfield code="a">Thesis</subfield>
  </datafield>
  <datafield tag="336" ind1="7" ind2=" ">
    <subfield code="2">DRIVER</subfield>
    <subfield code="a">doctoralThesis</subfield>
  </datafield>
  <datafield tag="336" ind1="7" ind2=" ">
    <subfield code="2">BibTeX</subfield>
    <subfield code="a">PHDTHESIS</subfield>
  </datafield>
  <datafield tag="336" ind1="7" ind2=" ">
    <subfield code="2">DataCite</subfield>
    <subfield code="a">Output Types/Dissertation</subfield>
  </datafield>
  <datafield tag="336" ind1="7" ind2=" ">
    <subfield code="2">ORCID</subfield>
    <subfield code="a">DISSERTATION</subfield>
  </datafield>
  <datafield tag="700" ind1="1" ind2=" ">
    <subfield code="0">P:(DE-82)051241</subfield>
    <subfield code="a">Martin, Richard</subfield>
    <subfield code="b">1</subfield>
    <subfield code="e">Thesis advisor</subfield>
  </datafield>
  <datafield tag="856" ind1="4" ind2=" ">
    <subfield code="u">http://publications.rwth-aachen.de/record/59386/files/59386.pdf</subfield>
    <subfield code="y">OpenAccess</subfield>
  </datafield>
  <datafield tag="856" ind1="4" ind2=" ">
    <subfield code="u">http://publications.rwth-aachen.de/record/59386/files/59386_kardex.pdf</subfield>
    <subfield code="y">Internal catalog entry</subfield>
  </datafield>
  <datafield tag="856" ind1="4" ind2=" ">
    <subfield code="u">http://publications.rwth-aachen.de/record/59386/files/59386_kardex.gif?subformat=icon</subfield>
    <subfield code="x">icon</subfield>
  </datafield>
  <datafield tag="856" ind1="4" ind2=" ">
    <subfield code="u">http://publications.rwth-aachen.de/record/59386/files/59386_kardex.jpg?subformat=icon-180</subfield>
    <subfield code="x">icon-180</subfield>
  </datafield>
  <datafield tag="856" ind1="4" ind2=" ">
    <subfield code="u">http://publications.rwth-aachen.de/record/59386/files/59386_kardex.jpg?subformat=icon-700</subfield>
    <subfield code="x">icon-700</subfield>
  </datafield>
  <datafield tag="909" ind1="C" ind2="O">
    <subfield code="o">oai:publications.rwth-aachen.de:59386</subfield>
    <subfield code="p">openaire</subfield>
    <subfield code="p">open_access</subfield>
    <subfield code="p">urn</subfield>
    <subfield code="p">driver</subfield>
    <subfield code="p">VDB</subfield>
    <subfield code="p">dnbdelivery</subfield>
  </datafield>
  <datafield tag="915" ind1=" " ind2=" ">
    <subfield code="a">OpenAccess</subfield>
    <subfield code="0">StatID:(DE-HGF)0510</subfield>
    <subfield code="2">StatID</subfield>
  </datafield>
  <datafield tag="037" ind1=" " ind2=" ">
    <subfield code="a">RWTH-CONV-121175</subfield>
  </datafield>
  <datafield tag="970" ind1=" " ind2=" ">
    <subfield code="a">HT013987167</subfield>
  </datafield>
  <datafield tag="520" ind1="3" ind2=" ">
    <subfield code="a">Das Werk des Lyrikers Charles Bernstein ist eine Fortsetzung von Wittgensteins und Cavells erkenntnistheoretischen Untersuchungen im Medium der Lyrik. Cavell und Wittgenstein bilden den referentiellen Rahmen für die Lektüre von Bernsteins Werk. Die vorliegende Arbeit kann in dieser Hinsicht als eine Rekonstruktion der geistesgeschichtlichen Schichten, auf denen sein Werk fußt, betrachtet werden. In einer Vorgehensweise, die als archäologisch beschrieben werden kann, macht sie die impliziten erkenntnistheoretischen Kontexte explizit, ohne die die Bedeutung von Bernsteins Werk nicht erschließbar wäre. Die impliziten erkenntnistheoretischen Grundlagen speisen sich neben der Spätphilosophie Wittgensteins auch aus dem Werk Cavells, wobei besonders seine Wittgensteinrezeption sowie seine Lektüre der amerikanischen Transzendentalisten Ralph Waldo Emerson und Henry David Thoreau hervorzuheben sind. Von grundlegender Bedeutung für ein angemessenes Verständnis von Bernsteins Lyrik ist außerdem Cavells Interpretation von Jean-Jacques Rousseaus Konzept des Konsens als Übereinstimmung in den Urteilen. Damit gibt er Wittgensteins Idee, dass die Möglichkeit gegenseitigen Verstehens in einer Abstimmung der Sichtweisen oder Weltanschauungen besteht, eine politische Dimension. Denn diese Abstimmung ist eine soziale Abstimmung, eine gesellschaftliche Übereinkunft und damit ihrem Wesen nach politisch. Der Nährboden für Bernsteins Lyrik ist also nicht nur ein philosophischer, sondern auch ein politischer oder ethischer. Es stellt sich die Frage, ob eine erkenntnistheoretische Untersuchung nicht notwendigerweise dreidimensional d.h. politisch, philosophisch und literarisch verfahren müsste. Alle drei Herangehensweisen haben letztlich denselben Untersuchungsgegenstand, nämlich die Sprache. Das intimste Verhältnis zur Sprache hat dabei die Lyrik. Die Arbeit zeigt damit auch, was gerade die Lyrik im Bereich der Erkenntnistheorie leisten kann und inwiefern sie in ihrer spezifischen Erkenntnisart (Intuition, intellektuelle Anschauung) die Erkenntnismöglichkeiten anderer Disziplinen übersteigt.</subfield>
    <subfield code="l">ger</subfield>
  </datafield>
  <datafield tag="520" ind1=" " ind2=" ">
    <subfield code="a">As the title of this thesis suggests, Charles Bernstein's essay: "The Objects of Meaning: Reading Cavell Reading Wittgenstein" plays an important role in the analysis, it serves as a portal to his work. The essay on Cavell and Wittgenstein focuses on four issues which figure prominently in Bernstein's poetics: the relation between philosophy and literature, the political dimension of literature, the epistemological problem of skepticism and a theory of reading. All of these are major concerns in the works of Cavell and Wittgenstein. The first three chapters of the thesis discuss and elaborate on the first three areas of poetic and philosophical overlap. Each one gives an account of Bernstein's poetics by first supplying the philosophical context and then focusing on an aspect of Bernstein's poetics which develops from this breeding ground. It is one of my central claims, however, that Bernstein's poetry and poetry as epistemological inquiry in general is able to extend the works of philosophers such as Wittgenstein and Cavell in ways not predictable by the two philosophers' oeuvres. This is in particular apparent in my reading of Bernstein's Dark City which illustrates the ways in which poetry surmounts the possibilities of philosophy and turns out to be the adequate medium for an epistemological inquiry. Dark City (1994) is representative for Bernstein's poetry, because it brings together philosophy, politics and poetry. The dark city of words or city of dark words functions as a model and way to the just society. It stands in the tradition of Plato's Republic while reclaiming the place of poetry in society or the role of poetic thinking for the human being as such. The concluding chapter "Redemptive Reading" takes reading itself as its subject. Bernstein's theory of reading, developed in this chapter, is not only based on poetic reflection but also on the actual experience of reading/writing. The kind of reading suggested and provoked by Dark City is related to Cavell's idea of revitalizing language through a "recounting of criteria," a way of epistemological inquiry he also refers to as "redemptive reading." This kind of reading always presupposes a reading of oneself, a conversation with oneself that not only initiates the discovery of a new world but also a discovery of a new self. Bernstein's work can be looked at as an epistemological inquiry that draws attention to one's implicit knowledge of oneself and the world by making it visible in the medium of poetry. In this way he is able to teach a way of regarding/reading the world and the self that restores it with life and meaning.</subfield>
    <subfield code="l">eng</subfield>
  </datafield>
  <datafield tag="653" ind1=" " ind2="7">
    <subfield code="a">Englische Literatur Amerikas</subfield>
  </datafield>
  <datafield tag="650" ind1=" " ind2="7">
    <subfield code="2">SWD</subfield>
    <subfield code="a">Wittgenstein</subfield>
  </datafield>
  <datafield tag="650" ind1=" " ind2="7">
    <subfield code="2">SWD</subfield>
    <subfield code="a">Ludwig</subfield>
  </datafield>
  <datafield tag="650" ind1=" " ind2="7">
    <subfield code="2">SWD</subfield>
    <subfield code="a">Cavell</subfield>
  </datafield>
  <datafield tag="650" ind1=" " ind2="7">
    <subfield code="2">SWD</subfield>
    <subfield code="a">Stanley</subfield>
  </datafield>
  <datafield tag="650" ind1=" " ind2="7">
    <subfield code="2">SWD</subfield>
    <subfield code="a">Erkenntnistheorie</subfield>
  </datafield>
  <datafield tag="650" ind1=" " ind2="7">
    <subfield code="2">SWD</subfield>
    <subfield code="a">Rezeption</subfield>
  </datafield>
  <datafield tag="650" ind1=" " ind2="7">
    <subfield code="2">SWD</subfield>
    <subfield code="a">Bernstein</subfield>
  </datafield>
  <datafield tag="650" ind1=" " ind2="7">
    <subfield code="2">SWD</subfield>
    <subfield code="a">Charles</subfield>
  </datafield>
  <datafield tag="650" ind1=" " ind2="7">
    <subfield code="2">SWD</subfield>
    <subfield code="a">Lyrik</subfield>
  </datafield>
  <datafield tag="502" ind1=" " ind2=" ">
    <subfield code="a">Aachen, Techn. Hochsch., Diss., 2003</subfield>
    <subfield code="g">Fak07</subfield>
    <subfield code="o">2003-03-24</subfield>
  </datafield>
  <datafield tag="500" ind1=" " ind2=" ">
    <subfield code="a">Prüfungsjahr: 2003. - Publikationsjahr: 2004</subfield>
  </datafield>
  <datafield tag="300" ind1=" " ind2=" ">
    <subfield code="a">249 S.</subfield>
  </datafield>
  <datafield tag="082" ind1=" " ind2=" ">
    <subfield code="a">810</subfield>
  </datafield>
  <datafield tag="245" ind1=" " ind2=" ">
    <subfield code="a">Poetry as epistemological inquiry : reading Bernstein reading Cavell reading Wittgenstein</subfield>
    <subfield code="c">vorgelegt von Ursula Göricke</subfield>
    <subfield code="h">online, print</subfield>
  </datafield>
  <datafield tag="260" ind1=" " ind2=" ">
    <subfield code="a">Aachen</subfield>
    <subfield code="b">Publikationsserver der RWTH Aachen University</subfield>
    <subfield code="c">2003</subfield>
  </datafield>
  <datafield tag="260" ind1=" " ind2=" ">
    <subfield code="c">2004</subfield>
  </datafield>
  <datafield tag="100" ind1="1" ind2=" ">
    <subfield code="0">P:(DE-82)054618</subfield>
    <subfield code="a">Göricke, Ursula</subfield>
    <subfield code="b">0</subfield>
    <subfield code="e">Author</subfield>
  </datafield>
  <datafield tag="041" ind1=" " ind2=" ">
    <subfield code="a">English</subfield>
  </datafield>
  <datafield tag="920" ind1="1" ind2=" ">
    <subfield code="0">I:(DE-82)700000_20140620</subfield>
    <subfield code="k">700000</subfield>
    <subfield code="l">Philosophische Fakultät</subfield>
    <subfield code="x">0</subfield>
  </datafield>
</record>
</collection>